Normal view
MARC view
- Desmulliez Marc
Entry Personal Name
001 - CONTROL NUMBER
- control field: 204627
003 - CONTROL NUMBER IDENTIFIER
- control field: OSt
005 - DATE AND TIME OF LATEST TRANSACTION
- control field: 20230908130014.0
008 - FIXED-LENGTH DATA ELEMENTS
- fixed length control field: 230908|| aca||aabn | a|a d
040 ## - CATALOGING SOURCE
- Original cataloging agency: OSt
- Transcribing agency: OSt
100 ## - HEADING--PERSONAL NAME
- Personal name: Desmulliez Marc
670 ## - SOURCE DATA FOUND
- Source citation: Work cat.: (OSt)355878: Costello Suzanne 204414, Hermeticity testing of mems and Microelectronic Packages, 2013